000
00242nam a22001097a 4500
082
_a
303
100
_a
Jamal,Arif
_9
83464
245
_a
Lashkar-e-Taiba 1985-2014
260
_a
Delhi
_b
Kautilya
_c
2015
650
_a
Terrorism
_9
17107
942
_c
BK
999
_c
68390
_d
68390